The English speaking caribbean a region in crisis /
Guardado en:
| Hovedforfatter: | |
|---|---|
| Autores Corporativos: | , |
| Format: | Texto |
| Udgivet: |
Managua:
CRIES
|
| Tags: |
Tilføj Tag
Ingen Tags, Vær først til at tagge denne postø!
|
MARC
| LEADER | 00000 a a2200000 04500 | ||
|---|---|---|---|
| 001 | 20953 | ||
| 003 | |||
| 040 | |||
| 090 | |a 089900 | ||
| 100 | |a Figueroa, Mark | ||
| 110 | |a INIES | ||
| 245 | |a The English speaking caribbean a region in crisis / |c INIES | ||
| 260 | |a Managua: |b CRIES | ||
| 300 | |a 28 p. | ||
| 710 | |a CRIES | ||
| 999 | |c 679 |d 679 | ||
